| Tag |
First Indicator |
Second Indicator |
Subfields |
| LEADER |
00000cas a2200000 4500 |
| 001 |
in00000045449 |
| 008 |
750824d19271962nyumr p 0 a0eng c |
| 005 |
20260610214509.1 |
| 010 |
|
|
|a sf 76000556
|z sc 76000556
|
| 012 |
|
|
|a 2
|e n
|j 1
|
| 019 |
|
|
|a 1029239320
|a 1038967585
|a 1045085540
|a 1298793215
|
| 022 |
0 |
|
|a 0095-943X
|2 1
|
| 023 |
0 |
|
|a 0095-943X
|2 1
|
| 029 |
1 |
|
|a AU@
|b 000022037672
|
| 029 |
1 |
|
|a NZ1
|b 13628183
|
| 029 |
1 |
|
|a NZ1
|b 1469455
|
| 029 |
1 |
|
|a NZ1
|b 3728705
|
| 029 |
1 |
|
|a AU@
|b 000070887423
|
| 030 |
|
|
|a FURMAC
|
| 035 |
|
|
|z (OCoLC)1029239320
|z (OCoLC)1038967585
|z (OCoLC)1045085540
|z (OCoLC)1298793215
|
| 035 |
|
|
|a (OCoLC)1570336
|
| 040 |
|
|
|a MUL
|b eng
|c MUL
|d NSD
|d DLC
|d AIP
|d NSD
|d DLC
|d IUL
|d DLC
|d OCLCQ
|d OCLCF
|d OCLCO
|d CAI
|d OCLCQ
|d OCLCL
|d OCLCQ
|
| 042 |
|
|
|a nsdp
|a pcc
|
| 050 |
0 |
0 |
|a TS840
|b .F87
|
| 210 |
0 |
|
|a Furnit. manuf.
|b (N.Y.N.Y.)
|
| 222 |
|
0 |
|a Furniture manufacturer
|b (New York, N.Y.)
|
| 245 |
0 |
0 |
|a Furniture manufacturer.
|
| 264 |
|
1 |
|a [New York] :
|b [National Service Periodicals]
|
| 300 |
|
|
|a 51 volumes :
|b illustrations
|
| 310 |
|
|
|a Monthly
|
| 336 |
|
|
|a text
|b txt
|2 rdacontent
|
| 337 |
|
|
|a unmediated
|b n
|2 rdamedia
|
| 338 |
|
|
|a volume
|b nc
|2 rdacarrier
|
| 362 |
0 |
|
|a v. 33-83, no. 6; 1927-May 28, 1962.
|
| 515 |
|
|
|a Volume numbering jumps from vol. 65, no. 3 (March 1950) to vol. 71, no. 4 (April 1950). Vol. 66-70 omitted in numbering.
|
| 650 |
|
0 |
|a Furniture industry and trade
|v Periodicals.
|
| 650 |
|
0 |
|a Furniture making
|v Periodicals.
|
| 650 |
|
0 |
|a Furniture
|v Periodicals.
|
| 650 |
|
7 |
|a Furniture.
|2 fast
|0 (OCoLC)fst00936488
|
| 650 |
|
7 |
|a Furniture industry and trade.
|2 fast
|0 (OCoLC)fst00936544
|
| 650 |
|
7 |
|a Furniture making.
|2 fast
|0 (OCoLC)fst00936572
|
| 655 |
|
7 |
|a Periodicals.
|2 fast
|0 (OCoLC)fst01411641
|
| 776 |
0 |
8 |
|i Online version:
|t Furniture manufacturer
|w (OCoLC)1393123553
|
| 780 |
0 |
0 |
|t Furniture manufacturer and artisan
|w (DLC)ca 13001642
|w (OCoLC)10258018
|
| 850 |
|
|
|a DLC
|
| 936 |
|
|
|a Dec. 1961 (surrogate)
|
| 948 |
|
|
|h HELD BY TXA - 43 OTHER HOLDINGS
|
| 994 |
|
|
|a Z0
|b TXA
|
| 999 |
f |
f |
|s 2c90fed4-1759-3e55-81f6-c64513508d70
|i ae417144-7cea-316a-91a7-23ac7777c16c
|t 0
|
| 952 |
f |
f |
|a Texas A&M University
|b Rellis Campus
|c Joint Library Facility
|d Remote Storage
|e TS840 .F87
|h Library of Congress classification
|i unmediated -- volume
|k v.56
|l 1941
|m A14851331810
|p ric
|s JLF
|t 0
|
| 952 |
f |
f |
|a Texas A&M University
|b Rellis Campus
|c Joint Library Facility
|d Remote Storage
|e TS840 .F87
|h Library of Congress classification
|i unmediated -- volume
|k v.46
|l 1933:July-Dec
|m A14851331745
|p ric
|s JLF
|t 0
|
| 952 |
f |
f |
|a Texas A&M University
|b Rellis Campus
|c Joint Library Facility
|d Remote Storage
|e TS840 .F87
|h Library of Congress classification
|i unmediated -- volume
|k v.80
|l 1959
|m A14851331943
|p ric
|s JLF
|t 0
|
| 952 |
f |
f |
|a Texas A&M University
|b Rellis Campus
|c Joint Library Facility
|d Remote Storage
|e TS840 .F87
|h Library of Congress classification
|i unmediated -- volume
|k v.49-50
|l 1935
|m A14851331760
|p ric
|s JLF
|t 0
|
| 952 |
f |
f |
|a Texas A&M University
|b Rellis Campus
|c Joint Library Facility
|d Remote Storage
|e TS840 .F87
|h Library of Congress classification
|i unmediated -- volume
|k v.79:no.1,3-6
|l 1958:Jan.,Mar.-June
|m A14852841874
|p ric
|s JLF
|t 0
|
| 952 |
f |
f |
|a Texas A&M University
|b Rellis Campus
|c Joint Library Facility
|d Remote Storage
|e TS840 .F87
|h Library of Congress classification
|i unmediated -- volume
|k v.58
|l 1943
|m A14851331836
|p ric
|s JLF
|t 0
|
| 952 |
f |
f |
|a Texas A&M University
|b Rellis Campus
|c Joint Library Facility
|d Remote Storage
|e TS840 .F87
|h Library of Congress classification
|i unmediated -- volume
|k v.57
|l 1942
|m A14851331828
|p ric
|s JLF
|t 0
|
| 952 |
f |
f |
|a Texas A&M University
|b Rellis Campus
|c Joint Library Facility
|d Remote Storage
|e TS840 .F87
|h Library of Congress classification
|i unmediated -- volume
|k v.83:no.1-4
|l 1982:Jan.-Apr.
|m A14811834590
|p ric
|s JLF
|t 0
|
| 952 |
f |
f |
|a Texas A&M University
|b Rellis Campus
|c Joint Library Facility
|d Remote Storage
|e TS840 .F87
|h Library of Congress classification
|i unmediated -- volume
|k v.43
|l 1932:Jan-June
|m A14851331711
|p ric
|s JLF
|t 0
|
| 952 |
f |
f |
|a Texas A&M University
|b Rellis Campus
|c Joint Library Facility
|d Remote Storage
|e TS840 .F87
|h Library of Congress classification
|i unmediated -- volume
|k v.77
|l 1956
|m A14851331927
|p ric
|s JLF
|t 0
|
| 952 |
f |
f |
|a Texas A&M University
|b Rellis Campus
|c Joint Library Facility
|d Remote Storage
|e TS840 .F87
|h Library of Congress classification
|i unmediated -- volume
|k v.74
|l 1953
|m A14851331893
|p ric
|s JLF
|t 0
|
| 952 |
f |
f |
|a Texas A&M University
|b Rellis Campus
|c Joint Library Facility
|d Remote Storage
|e TS840 .F87
|h Library of Congress classification
|i unmediated -- volume
|k v.60
|l 1945
|m A14827328191
|p ric
|s JLF
|t 0
|
| 952 |
f |
f |
|a Texas A&M University
|b Rellis Campus
|c Joint Library Facility
|d Remote Storage
|e TS840 .F87
|h Library of Congress classification
|i unmediated -- volume
|k v.53
|l 1938
|m A14851331786
|p ric
|s JLF
|t 0
|
| 952 |
f |
f |
|a Texas A&M University
|b Rellis Campus
|c Joint Library Facility
|d Remote Storage
|e TS840 .F87
|h Library of Congress classification
|i unmediated -- volume
|k v.63
|l 1948
|m A14851331877
|p ric
|s JLF
|t 0
|
| 952 |
f |
f |
|a Texas A&M University
|b Rellis Campus
|c Joint Library Facility
|d Remote Storage
|e TS840 .F87
|h Library of Congress classification
|i unmediated -- volume
|k v.65
|l 1950:Jan.-Nov.
|m A14852841866
|p ric
|s JLF
|t 0
|
| 952 |
f |
f |
|a Texas A&M University
|b Rellis Campus
|c Joint Library Facility
|d Remote Storage
|e TS840 .F87
|h Library of Congress classification
|i unmediated -- volume
|k v.73
|l 1952
|m A14852842138
|p ric
|s JLF
|t 0
|
| 952 |
f |
f |
|a Texas A&M University
|b Rellis Campus
|c Joint Library Facility
|d Remote Storage
|e TS840 .F87
|h Library of Congress classification
|i unmediated -- volume
|k v.39
|l 1930:Jan./June
|m A14852841999
|p ric
|s JLF
|t 0
|
| 952 |
f |
f |
|a Texas A&M University
|b Rellis Campus
|c Joint Library Facility
|d Remote Storage
|e TS840 .F87
|h Library of Congress classification
|i unmediated -- volume
|k v.72:no.2-6
|l 1951:Feb.-June
|m A14852842005
|p ric
|s JLF
|t 0
|
| 952 |
f |
f |
|a Texas A&M University
|b Rellis Campus
|c Joint Library Facility
|d Remote Storage
|e TS840 .F87
|h Library of Congress classification
|i unmediated -- volume
|k v.51-52
|l 1936-1937
|m A14851331778
|p ric
|s JLF
|t 0
|
| 952 |
f |
f |
|a Texas A&M University
|b Rellis Campus
|c Joint Library Facility
|d Remote Storage
|e TS840 .F87
|h Library of Congress classification
|i unmediated -- volume
|k v.54
|l 1939
|m A14851331794
|p ric
|s JLF
|t 0
|
| 952 |
f |
f |
|a Texas A&M University
|b Rellis Campus
|c Joint Library Facility
|d Remote Storage
|e TS840 .F87
|h Library of Congress classification
|i unmediated -- volume
|k v.40
|l 1930:July-Dec
|m A14851331687
|p ric
|s JLF
|t 0
|
| 952 |
f |
f |
|a Texas A&M University
|b Rellis Campus
|c Joint Library Facility
|d Remote Storage
|e TS840 .F87
|h Library of Congress classification
|i unmediated -- volume
|k v.59
|l 1944
|m A14851331844
|p ric
|s JLF
|t 0
|
| 952 |
f |
f |
|a Texas A&M University
|b Rellis Campus
|c Joint Library Facility
|d Remote Storage
|e TS840 .F87
|h Library of Congress classification
|i unmediated -- volume
|k v.55
|l 1940
|m A14851331802
|p ric
|s JLF
|t 0
|
| 952 |
f |
f |
|a Texas A&M University
|b Rellis Campus
|c Joint Library Facility
|d Remote Storage
|e TS840 .F87
|h Library of Congress classification
|i unmediated -- volume
|k v.61
|l 1946
|m A14851331851
|p ric
|s JLF
|t 0
|
| 952 |
f |
f |
|a Texas A&M University
|b Rellis Campus
|c Joint Library Facility
|d Remote Storage
|e TS840 .F87
|h Library of Congress classification
|i unmediated -- volume
|k v.79:no.7-10,12
|l 1958:July-Oct.,Dec.
|m A14852841742
|p ric
|s JLF
|t 0
|
| 952 |
f |
f |
|a Texas A&M University
|b Rellis Campus
|c Joint Library Facility
|d Remote Storage
|e TS840 .F87
|h Library of Congress classification
|i unmediated -- volume
|k v.42
|l 1931:July-Dec
|m A14851331703
|p ric
|s JLF
|t 0
|
| 952 |
f |
f |
|a Texas A&M University
|b Rellis Campus
|c Joint Library Facility
|d Remote Storage
|e TS840 .F87
|h Library of Congress classification
|i unmediated -- volume
|k v.81
|l 1960
|m A14851331950
|p ric
|s JLF
|t 0
|
| 952 |
f |
f |
|a Texas A&M University
|b Rellis Campus
|c Joint Library Facility
|d Remote Storage
|e TS840 .F87
|h Library of Congress classification
|i unmediated -- volume
|k v.78
|l 1957
|m A14851331935
|p ric
|s JLF
|t 0
|
| 952 |
f |
f |
|a Texas A&M University
|b Rellis Campus
|c Joint Library Facility
|d Remote Storage
|e TS840 .F87
|h Library of Congress classification
|i unmediated -- volume
|k v.72:no.7-12
|l 1951:July-Dec.
|m A14852841734
|p ric
|s JLF
|t 0
|
| 952 |
f |
f |
|a Texas A&M University
|b Rellis Campus
|c Joint Library Facility
|d Remote Storage
|e TS840 .F87
|h Library of Congress classification
|i unmediated -- volume
|k v.44
|l 1932:July-Dec
|m A14851331729
|p ric
|s JLF
|t 0
|
| 952 |
f |
f |
|a Texas A&M University
|b Rellis Campus
|c Joint Library Facility
|d Remote Storage
|e TS840 .F87
|h Library of Congress classification
|i unmediated -- volume
|k v.64
|l 1949
|m A14851331885
|p ric
|s JLF
|t 0
|
| 952 |
f |
f |
|a Texas A&M University
|b Rellis Campus
|c Joint Library Facility
|d Remote Storage
|e TS840 .F87
|h Library of Congress classification
|i unmediated -- volume
|k v.41
|l 1931:Jan-June
|m A14851331695
|p ric
|s JLF
|t 0
|
| 952 |
f |
f |
|a Texas A&M University
|b Rellis Campus
|c Joint Library Facility
|d Remote Storage
|e TS840 .F87
|h Library of Congress classification
|i unmediated -- volume
|k v.75
|l 1954
|m A14851331901
|p ric
|s JLF
|t 0
|
| 952 |
f |
f |
|a Texas A&M University
|b Rellis Campus
|c Joint Library Facility
|d Remote Storage
|e TS840 .F87
|h Library of Congress classification
|i unmediated -- volume
|k v.47-48
|l 1934
|m A14851331752
|p ric
|s JLF
|t 0
|
| 952 |
f |
f |
|a Texas A&M University
|b Rellis Campus
|c Joint Library Facility
|d Remote Storage
|e TS840 .F87
|h Library of Congress classification
|i unmediated -- volume
|k v.45
|l 1933:Jan-June
|m A14851331737
|p ric
|s JLF
|t 0
|
| 952 |
f |
f |
|a Texas A&M University
|b Rellis Campus
|c Joint Library Facility
|d Remote Storage
|e TS840 .F87
|h Library of Congress classification
|i unmediated -- volume
|k v.76
|l 1955
|m A14851331919
|p ric
|s JLF
|t 0
|
| 952 |
f |
f |
|a Texas A&M University
|b Rellis Campus
|c Joint Library Facility
|d Remote Storage
|e TS840 .F87
|h Library of Congress classification
|i unmediated -- volume
|k v.82
|l 1961
|m A14852866590
|p ric
|s JLF
|t 0
|
| 952 |
f |
f |
|a Texas A&M University
|b Rellis Campus
|c Joint Library Facility
|d Remote Storage
|e TS840 .F87
|h Library of Congress classification
|i unmediated -- volume
|k v.62
|l 1947
|m A14851331869
|p ric
|s JLF
|t 0
|
| 998 |
f |
f |
|a TS840 .F87
|s v.83:no.1-4 (1962:Jan.-Apr.)
|t 0
|l Remote Storage
|